| 000 | 00765nam a2200217 i 4500 | ||
|---|---|---|---|
| 001 | 166907 | ||
| 003 | ES-MaACL | ||
| 005 | 20231223063114.0 | ||
| 008 | 960320s1879 sp |||| | spa d | ||
| 080 | _a821.134.2-2"18" | ||
| 100 | 1 |
_aValera, Juan, _d1824-1905 _9112638 |
|
| 245 | 1 | 0 |
_aTentativas dramáticas / _cJuan Valera. |
| 260 |
_aMadrid ; _aParís : _bBiblioteca Perojo, _c1879. |
||
| 300 |
_aXVIII, 194 p. ; _c19 cm. |
||
| 500 | _aAnteportada. | ||
| 505 | 8 | _aContiene: La venganza de Atahualpa ; Lo mejor del tesoro ; Asclepigenia | |
| 530 | _aDisponible en formato digital. | ||
| 852 | 4 |
_aES-MaACL _jD-3000 _z- Enc. hol. |
|
| 856 | 4 |
_uhttp://bdh-rd.bne.es/viewer.vm?id=0000144383&page=1 _zBiblioteca Digital Hispánica |
|
| 999 |
_c166907 _d166907 |
||